Les chemins de fer en 1862 et en 1863 / (Record no. 54248)

MARC details
000 -LEADER
campo de control de longitud fija 00546nam a22001695i 4500
001 - NÚMERO DE CONTROL
campo de control 54248
003 - IDENTIFICADOR DE NÚMERO DE CONTROL
campo de control ES-MaACL
007 - CAMPO FIJO DE DESCRIPCIÓN FÍSICA--INFORMACIÓN GENERAL
campo de control de longitud fija t|
008 - DATOS DE LONGITUD FIJA--INFORMACIÓN GENERAL
campo de control de longitud fija 960716s1863 fr ||||1| fre d
040 ## - FUENTE DE CATALOGACIÓN
Centro catalogador/agencia de origen CAM
Lengua de catalogación spa
Centro/agencia transcriptor CAM
100 1# - ENTRADA PRINCIPAL--NOMBRE DE PERSONA
Nombre de persona Flachat, Eugène.
9 (RLIN) 51091
245 14 - MENCIÓN DEL TÍTULO
Título Les chemins de fer en 1862 et en 1863 /
Mención de responsabilidad, etc. par Eugène Flachat.
260 ## - PUBLICACIÓN, DISTRIBUCIÓN, ETC.
Lugar de publicación, distribución, etc. Paris :
Nombre del editor, distribuidor, etc. librairie de L. Hachette et Cie.,
Fecha de publicación, distribución, etc. 1863 (
Fabricante imprimerie de Ch. Lahure)
300 ## - DESCRIPCIÓN FÍSICA
Extensión [4], 304 p., [6] h. de grab. ;
Dimensiones 22 cm.
650 14 - PUNTO DE ACCESO ADICIONAL DE MATERIA--TÉRMINO DE MATERIA
Término de materia o nombre geográfico como elemento de entrada Ferrocarriles-
Subdivisión cronológica S.XIX.
9 (RLIN) 12763
852 ## - LOCALIZACIÓN
Ubicación ES-MaACL
Número de control de estantería G-11874
Holdings
Estatus retirado Estado de pérdida Estado de daño No para préstamo Colección Biblioteca de origen Biblioteca actual Ubicación en estantería Fecha de adquisición Fuente de adquisición Total de préstamos Signatura topográfica completa Código de barras Visto por última vez Precio de reemplazo Tipo de ítem Koha
        Libros del s. XIX Biblioteca del Ateneo de Madrid Biblioteca del Ateneo de Madrid Sala Pecera Planta 3 17/01/2008     G-11874 1057008 23/02/2023 23/02/2023 Libro impreso antiguo